000 00454nam a2200169Ia 4500
008 240729s9999 xx 000 0 und d
022 _a1687-8205
245 0 _aJournal of Toxicology
260 _aUnited Kingdom
260 _bHindawi Limited
650 _a Public aspects of medicine
650 _a Toxicology. Poisons
650 _aMedicine
856 _uhttps://doaj.org/toc/a0b4f5f7a1284cb9874558c71bdbaf45
942 _2ddc
942 _cDOAJEJ
999 _c71508
_d71508
945 _a1
_bMadushi Gamage
_c1
_dMadushi Gamage